| 000 | 00675nam a2200217Ii 4500 | ||
|---|---|---|---|
| 003 | JO-AjNU | ||
| 008 | 230605s9999||||xx |||||||||||||| ||und|| | ||
| 017 | _a2004/4/912 | ||
| 040 |
_aJO-AjNU _bara _erda _cJO-AjNU |
||
| 041 | _aara | ||
| 050 | 1 | 4 | _aBP20 2004 |
| 100 | 3 |
_aالدلابيح، غادة المعايطة, _eauthor _918866 |
|
| 245 | 0 | 0 | _aوخير جليس |
| 250 | _aط1 | ||
| 264 | 3 | 1 | _aعمان: دار ورد للنشر والتوزيع، 2004 |
| 300 | _a128ص | ||
| 336 |
_atext _btxt _2rdacontent |
||
| 337 |
_aunmediated _bn _2rdamedia |
||
| 338 |
_avolume _bnc _2rdacarrier |
||
| 650 | 4 |
_aالاسلام- منوعات- الوعظ والارشاد _918867 |
|
| 999 |
_aA6114 _c9682 _d9682 |
||